00494nam a2200157Ia 4500001000500000005001700005008004100022041000800063082001700071100014400088245005200232260000900284300002700293650000800320654000800328761520260306160508.0260306t2009||||xx |||||||||||||| ||spa|| aESP a352.283bP43 aPerú. Congreso. Comisión de Descentralización, Regionalización, Gobiernos Locales y Modernización de la Gestión del EstadoeAUT 0aEvaluación del proceso de descentralización c2009 a92 páginas :c24 cm. aGEN aCAN